000 00277nam a22001217a 4500
003 SGT
082 _a158.1
_bS95B
100 _aBREATHNACH, SARAH BAN
245 _aSIMPLE ABUNDANCE: A DAYBOOK OF COMFORT & JOY
260 _bWARNER BOOKS
_c1995
300 _a648
942 _2ddc
_cBK
999 _c31755
_d31755